000 01014cad a22002535a 4500
001 L158123
008 140709s2014 xxk f 000 0 eng d
035 _a(Sirsi) u158123
041 0 _aeng
110 2 _aKPMG
245 0 0 _aUnlocking investment in infrastructure
_bIs current accounting and reporting a barrier?
260 _bKPMG
_c2014
520 _aReport focuses on possible accounting and corporate reporting reforms that could help attract increased private financing. Written by a panel of experts from the six largest international accounting networks.
590 _aKA
651 4 _aInternational
690 _aInfrastructure
_96246
710 1 _aErnst & Young
_94001
710 1 _aDeloitte
_95633
710 1 _aBDO
_96028
710 1 _aPWC
710 1 _aGrant Thornton
_93043
856 4 0 _uhttps://www.kpmg.com/Global/en/IssuesAndInsights/ArticlesPublications/Press-releases/Documents/unlocking-investment-in-infrastructure.pdf
_zView the report free of charge at www.kpmg.com
942 _n0
999 _c115155
_d115155